000 00701nam a2200253Ia 4500
005 20260306145458.0
008 008 260114s9999 xx 000 0 eng d
020 _a9781400827879
037 _aEbook
040 _aCRL
040 _beng
040 _cCRL
041 _2eng
041 _aeng
084 _qCRL
100 _aGates, Henry Louis;Jarrett, Gene Andrew
_91123847
245 4 _aThe new Negro : readings on race, representation, and African American culture, 1892-1938
260 _bPrinceton University Press (PUP)
260 _c2008
650 _aLiterary Studies
856 _uhttps://www.degruyter.com/isbn/9781400827879
942 _cEBOOK
999 _c1688684
_d1688684